[Event "Challenge"]
[Site "http://www.queenalice.com/game.php?id=1427579"]
[Date "2016.6.14"]
[Round "-"]
[White "adelio"]
[Black "Milxadrez"]
[Result "0-1"]
[WhiteElo "1703"]
[BlackElo "1410"]

1. d4 Nf6 2. c4 g6 3. Nc3 Bg7 4. e4 d6 5. Be2 O-O 6. h4 h5 7. Bg5 c6 8. Bxf6
Bxf6 9. Bxh5 gxh5 10. Qxh5 Kg7 11. O-O-O Rh8 12. Qe2 Bxh4 13. Rd3 Bg5+ 14. Kc2
Rxh1 15. Rg3 e5 16. Qd1 Kf8 17. Nce2 Rh7 18. b4 b5 19. Nh3 Bf6 20. Qd2 bxc4 21.
Ng5 Rg7 22. Nxf7 Kxf7 23. Qh6 Rxg3 24. fxg3 Qh8 25. Qd2 exd4 26. Nxd4 Bxd4 27.
Qf4+ Qf6 28. Qxf6+ Kxf6 29. Kd2 Bg4 30. a3 a5 31. b5 cxb5 32. Kc2 b4 33. a4 Bd7
34. Kd2 Bxa4 35. Ke2 Nc6 36. g4 Kg5 37. Kf3 Rf8+ 38. Kg3 Bf2+ 39. Kh2 Rh8# 0-1

[Event "OS INCLIVES"]
[Site "http://www.queenalice.com/game.php?id=1427580"]
[Date "2016.6.14"]
[Round "-"]
[White "Milxadrez"]
[Black "adelio"]
[Result "1-0"]
[WhiteElo "1509"]
[BlackElo "1699"]

1. d4 d5 2. c4 e6 3. Nf3 Be7 4. Nc3 a6 5. cxd5 Nf6 6. dxe6 Bxe6 7. e4 Ng4 8. d5
Nxf2 9. Kxf2 Bc5+ 10. Be3 Bxe3+ 11. Kxe3 Bg4 12. Be2 Bxf3 13. gxf3 Qg5+ 14. Kd3
Nd7 15. Kc2 Nc5 16. Rg1 Qf6 17. Qd2 O-O-O 18. Rac1 c6 19. Kb1 Rhe8 20. Qe3 Qd6
21. dxc6 Qxc6 22. Nd5 Rxd5 23. exd5 Rxe3 24. dxc6 Rxe2 25. Rxc5 Rxh2 26. Rxg7
bxc6 27. Rxf7 Rh6 28. f4 Kd8 29. f5 Ke8 30. Rg7 Kf8 31. Rb7 Ke8 32. Re5+ Kd8 33.
Ree7 c5 34. Rg7 Kc8 35. Rbf7 Rd6 36. Rf8+ Rd8 37. Rxd8+ Kxd8 38. Rxh7 a5 39. f6
c4 40. f7 Ke7 41. Kc2 a4 42. Kc3 Kf8 43. Kd4 Ke7 44. Ke5 a3 45. bxa3 c3 46.
f8=Q+ Kxf8 47. Kf6 Ke8 48. Rc7 Kd8 49. Rxc3 Kd7 50. Ke5 Ke7 51. Rc7+ Kd8 52. Kd6
Ke8 53. Ke6 Kd8 54. Rc5 Ke8 55. Rc8# 1-0

[Event "Let's Play Chess!"]
[Site "http://www.queenalice.com/game.php?id=1431228"]
[Date "2016.7.11"]
[Round "-"]
[White "Milxadrez"]
[Black "Cajucarol"]
[Result "1-0"]
[WhiteElo "1574"]
[BlackElo "1350"]

1. d4 d5 2. c4 Be6 3. cxd5 Bxd5 4. Nc3 Qd6 5. e4 Be6 6. Nf3 Nc6 7. d5 Ne5 8.
Bb5+ Bd7 9. Bf4 f6 10. Bxd7+ Kxd7 11. Nxe5+ fxe5 12. Bd2 Qg6 13. O-O Rd8 14.
Qa4+ Kc8 15. Qxa7 Kd7 16. Qxb7 Qd6 17. Be3 h6 18. Nb5 Qb6 19. Bxb6 Nf6 20. Qc6+
Kc8 21. Qxc7# 1-0

[Event "Let's Play Chess!"]
[Site "http://www.queenalice.com/game.php?id=1431229"]
[Date "2016.7.11"]
[Round "-"]
[White "Aspayne"]
[Black "Milxadrez"]
[Result "1-0"]
[WhiteElo "2139"]
[BlackElo "1574"]

1. b3 e5 2. Bb2 Nc6 3. e3 Nf6 4. Nf3 d6 5. Be2 Be7 6. O-O O-O 7. c4 h6 8. Nc3
Bf5 9. d3 Qd7 10. Nd5 Bh7 11. Nxe7+ Nxe7 12. Nh4 a5 13. f4 e4 14. Bxf6 gxf6 15.
f5 Bxf5 16. Nxf5 Nxf5 17. Bg4 Nxe3 18. Bxd7 Nxd1 19. Raxd1 Rad8 20. Bf5 e3 21.
Rde1 Rfe8 22. Be4 c6 23. Rxe3 d5 24. Rg3+ Kh8 25. Rxf6 Re6 26. Rxe6 fxe6 27.
cxd5 exd5 28. Bf3 Rd7 29. h3 Re7 30. Kf2 Kh7 31. Rg4 Rf7 32. Ra4 b6 33. Ke3 1-0

[Event "Let's Play Chess!"]
[Site "http://www.queenalice.com/game.php?id=1431232"]
[Date "2016.7.11"]
[Round "-"]
[White "Milxadrez"]
[Black "Bobby_F"]
[Result "0-1"]
[WhiteElo "1590"]
[BlackElo "2631"]

1. d4 Nf6 2. c4 e6 3. Nc3 Bb4 4. e3 O-O 5. Bd3 d5 6. Ne2 dxc4 7. Bxc4 Be7 8. O-O
c5 9. Qc2 Nc6 10. Rd1 Bd7 11. a3 cxd4 12. Nxd4 Nxd4 13. Rxd4 Qc7 14. Ne4 Nxe4
15. Qxe4 Bf6 16. Rd1 Bc6 17. Qg4 Rfd8 18. Bd3 Rd7 19. Rb1 Rad8 20. Be2 Rxd1+ 21.
Bxd1 Qa5 22. b4 Qf5 23. Bb2 Qxb1 0-1

[Event "OS INCLIVES"]
[Site "http://www.queenalice.com/game.php?id=1432774"]
[Date "2016.7.22"]
[Round "-"]
[White "adelio"]
[Black "Milxadrez"]
[Result "0-1"]
[WhiteElo "1659"]
[BlackElo "1621"]

1. d4 Nf6 2. c4 g6 3. Nc3 Bg7 4. e4 d6 5. Be2 O-O 6. h4 Nbd7 7. Nf3 c5 8. Ng5
cxd4 9. Nd5 h6 10. Qxd4 Nxd5 11. Qxd5 Nf6 12. Nxf7 Rxf7 13. Qd3 Qb6 14. f3 Be6
15. Be3 Qxb2 16. O-O Qe5 17. f4 Qxe4 18. Rac1 Qxd3 19. Bxd3 Ng4 20. Bxg6 Nxe3
21. Bxf7+ Kxf7 22. Rf3 Bd4 23. Kh2 Bg4 24. Kg3 Bxf3 25. Kxf3 Rc8 26. c5 Rxc5 27.
Rxc5 dxc5 28. g4 b5 29. h5 a5 30. Kg3 a4 31. g5 hxg5 32. fxg5 Nf5+ 33. Kf4 e6
34. h6 Kg6 35. Kg4 c4 36. h7 Kxh7 37. Kh5 c3 38. g6+ Kg7 39. Kg5 c2 40. a3 c1=Q+
41. Kh5 Qh1+ 42. Kg4 Qg2+ 43. Kh5 Qh3+ 44. Kg5 Be3# 0-1

[Event "OS INCLIVEIS"]
[Site "http://www.queenalice.com/game.php?id=1432775"]
[Date "2016.7.22"]
[Round "-"]
[White "Milxadrez"]
[Black "adelio"]
[Result "1-0"]
[WhiteElo "1699"]
[BlackElo "1698"]

1. d4 d5 2. c4 e6 3. Nc3 Be7 4. Nf3 h5 5. cxd5 h4 6. Qb3 g5 7. dxe6 fxe6 8. Nxg5
Bxg5 9. Qb5+ c6 10. Qxg5 Qxg5 11. Bxg5 Nd7 12. e4 Ndf6 13. Be2 Bd7 14. Rd1 O-O-O
15. h3 Rf8 16. O-O Ne7 17. Bc4 Ng6 18. d5 exd5 19. exd5 Ne5 20. dxc6 Bxc6 21.
Be6+ Nfd7 22. Rfe1 Kc7 23. Be7 Re8 24. Bd6+ Kb6 25. Bxd7 Nxd7 26. Rxe8 Rxe8 27.
Rd4 Re1+ 28. Kh2 a5 29. Rxh4 Rb1 30. Ba3 Re1 31. Rh6 Re5 32. h4 Nc5 33. f3 Nd3
34. Ne4 Ka7 35. Ng3 Re1 36. Rd6 Bb5 37. h5 Ra1 38. h6 Rxa2 39. h7 Nxb2 40. Bxb2
Rxb2 41. h8=Q Rb4 42. Qd8 Rh4+ 43. Qxh4 Bc6 44. Qd4+ Ka6 45. Rd8 Kb5 46. Ne2 b6
47. Nc3+ Ka6 48. Nd5 Bxd5 49. Qxd5 a4 50. Ra8# 1-0

[Event "OS INCLIVEIS"]
[Site "http://www.queenalice.com/game.php?id=1432776"]
[Date "2016.7.22"]
[Round "-"]
[White "Milxadrez"]
[Black "adelio"]
[Result "1-0"]
[WhiteElo "1590"]
[BlackElo "1649"]

1. d4 d5 2. c4 e6 3. Nf3 Be7 4. e3 h5 5. Nc3 h4 6. h3 Nh6 7. cxd5 Nf5 8. Qb3 c6
9. dxe6 fxe6 10. Bc4 b6 11. Bxe6 Nh6 12. Ne5 Bxe6 13. Qxe6 Qc7 14. Qg6+ Kf8 15.
e4 Qd6 16. Bxh6 Qxg6 17. Nxg6+ Kf7 18. Nxh8+ Ke6 19. Bxg7 Nd7 20. Ng6 Bb4 21.
Nf4+ Kf7 22. Be5 c5 23. O-O Nxe5 24. dxe5 Re8 25. e6+ Kg7 26. Ncd5 Bd2 27. Rfd1
Bxf4 28. Nxf4 Kf6 29. Rd7 Rxe6 30. f3 Re5 31. Rad1 Kg5 32. Rf7 Kh6 33. Rd6+ Kg5
34. Rg6# 1-0

[Event "Let's Play Chess!"]
[Site "http://www.queenalice.com/game.php?id=1438096"]
[Date "2016.8.28"]
[Round "-"]
[White "Milxadrez"]
[Black "manuelito"]
[Result "1-0"]
[WhiteElo "1719"]
[BlackElo "1537"]

1. d4 d5 2. c4 Nf6 3. Nc3 e6 4. Nf3 c5 5. Bg5 dxc4 6. d5 exd5 7. Bxf6 gxf6 8.
Qxd5 Qxd5 9. Nxd5 Bd6 10. Nxf6+ Kd8 11. Rd1 Ke7 12. Nd5+ Kd8 13. e3 Be6 14. Bxc4
Nc6 15. Ng5 Bxd5 16. Bxd5 f6 17. Nf7+ Kd7 18. Nxh8 Rxh8 19. O-O h5 20. Rd2 Kc7
21. Rfd1 Rd8 22. h4 Nb4 23. Bf7 Nxa2 24. Bxh5 Nb4 25. Bf3 Be7 26. Rxd8 Bxd8 27.
Be4 Nc6 28. Bf5 Ne7 29. Rd7+ Kc6 30. g4 Nxf5 31. Rxd8 Nxh4 32. Rf8 Nf3+ 33. Kg2
Ne5 34. Rxf6+ Kd5 35. g5 c4 36. f4 b5 37. fxe5 Kxe5 38. Kf3 a5 39. e4 1-0

[Event "Let's Play Chess!"]
[Site "http://www.queenalice.com/game.php?id=1438097"]
[Date "2016.8.28"]
[Round "-"]
[White "manuelito"]
[Black "Milxadrez"]
[Result "0-1"]
[WhiteElo "1291"]
[BlackElo "1699"]

1. d4 Nf6 2. Nf3 g6 3. e3 Bg7 4. c4 d6 5. Nc3 O-O 6. h3 Nc6 7. Be2 a6 8. Qd3 Bf5
9. Qd2 Nb4 10. Bd1 Nd3+ 11. Ke2 Nxc1+ 12. Rxc1 c6 13. Re1 Rc8 14. g4 Bd7 15. b4
e5 16. d5 Re8 17. e4 cxd5 18. cxd5 a5 19. a3 Nxe4 20. Nxe4 Bb5+ 21. Ke3 Qb6+ 22.
Nd4 exd4+ 23. Kf3 axb4 24. Rxc8 Rxc8 25. axb4 Bc4 26. Qf4 Bxd5 27. Ke2 d3+ 28.
Kxd3 Bc4+ 29. Kd2 Qxb4+ 0-1

[Event "Let's Play Chess!"]
[Site "http://www.queenalice.com/game.php?id=1438098"]
[Date "2016.8.28"]
[Round "-"]
[White "Milxadrez"]
[Black "chessplayer123"]
[Result "1-0"]
[WhiteElo "1648"]
[BlackElo "1707"]

1. d4 Nf6 2. c4 g6 3. Nc3 Bg7 4. e4 d6 5. Nf3 O-O 6. Be2 Nbd7 7. O-O e5 8. Bg5
h6 9. Be3 exd4 10. Bxd4 Re8 11. Qc2 Ne5 12. Nxe5 dxe5 13. Be3 Be6 14. Rfd1 Qc8
15. Rd2 Ng4 16. Bc5 b6 17. Ba3 c5 18. b3 Nf6 19. Rad1 Bg4 20. Bxg4 Nxg4 21. Bc1
Qe6 22. Nd5 Rac8 23. a3 g5 24. f3 Nf6 25. Ne3 Nh5 26. Nf5 Qg6 27. Nd6 g4 28.
fxg4 Qxg4 29. Rf1 Nf4 30. Rf3 Nxg2 31. Rg3 1-0

[Event "Let's Play Chess!"]
[Site "http://www.queenalice.com/game.php?id=1438099"]
[Date "2016.8.28"]
[Round "-"]
[White "chessplayer123"]
[Black "Milxadrez"]
[Result "0-1"]
[WhiteElo "1707"]
[BlackElo "1675"]

1. d4 Nf6 2. e3 g6 3. Nf3 Bg7 4. Bd3 O-O 5. Nc3 d6 6. O-O Nc6 7. a3 Bg4 8. Be2
a6 9. b4 Qe8 10. Bb2 Rb8 11. d5 Na7 12. Rb1 c6 13. dxc6 bxc6 14. Ne1 Bd7 15. f4
Nb5 16. Nf3 Bf5 17. Nxb5 axb5 18. Bd3 Ng4 19. Bxf5 Nxe3 20. Qe2 Nxf1 21. Qxf1
gxf5 22. Bxg7 Kxg7 23. Qf2 Ra8 24. Ra1 f6 25. Qh4 Qg6 26. Qh3 Qg4 27. Qg3 Qxg3
28. hxg3 c5 29. bxc5 dxc5 30. Kf2 Ra4 31. c3 Rfa8 0-1

[Event "Challenge"]
[Site "http://www.queenalice.com/game.php?id=1464982"]
[Date "2017.2.16"]
[Round "-"]
[White "JORAM2205"]
[Black "Milxadrez"]
[Result "1-0"]
[WhiteElo "1715"]
[BlackElo "1729"]

1. g3 d5 2. Nf3 Nc6 3. d4 g6 4. c4 Bg7 5. cxd5 Qxd5 6. Nc3 Qd8 7. Bf4 Nxd4 8.
Nxd4 Bxd4 9. Qa4+ c6 10. O-O-O e5 11. Bxe5 1-0

[Event "Challenge"]
[Site "http://www.queenalice.com/game.php?id=1465450"]
[Date "2017.2.19"]
[Round "-"]
[White "thbn"]
[Black "Milxadrez"]
[Result "0-1"]
[WhiteElo "1676"]
[BlackElo "1711"]

1. e4 e6 2. Nf3 d5 3. exd5 exd5 4. d4 Bd6 5. Nc3 Nf6 6. Be2 O-O 7. O-O Nc6 8.
Bg5 Be6 9. Bd3 h6 10. Bh4 Bg4 11. Re1 a6 12. Rb1 Kh8 13. a3 Nxd4 14. Kh1 c6 15.
Ne2 Nxf3 16. gxf3 Bxf3+ 17. Kg1 Qd7 18. Nf4 Bxd1 19. Ng2 Bf3 20. Re3 Qh3 21. Bf1
Qxh2# 0-1

[Event "Challenge"]
[Site "http://www.queenalice.com/game.php?id=1472192"]
[Date "2017.4.6"]
[Round "-"]
[White "thbn"]
[Black "Milxadrez"]
[Result "0-1"]
[WhiteElo "1669"]
[BlackElo "1715"]

1. e4 e6 2. Nf3 d5 3. exd5 exd5 4. d4 Bd6 5. Nc3 Nf6 6. Bd3 O-O 7. O-O Nc6 8.
Bg5 Be6 9. Re1 Be7 10. a3 Bg4 11. h3 Bxf3 12. Qxf3 Nxd4 13. Qe3 Ne6 14. Ne2 Nxg5
15. Ng3 Ne6 16. Rad1 Re8 17. Nf5 Bf8 18. Qg3 Kh8 19. Qh4 c6 20. Ng3 Qb6 21. b3
Bxa3 22. Nh5 Qd4 23. g4 Nxh5 24. Qxh5 g6 25. Qh6 Qf6 26. Be2 Bc5 27. Rf1 Nd4 28.
Bd3 Nf3+ 29. Kg2 Nh4+ 30. Kg3 Be7 31. f4 Qg7 32. Qxg7+ Kxg7 33. Rfe1 g5 34. fxg5
Bxg5 35. Rf1 Re3+ 36. Kf2 Rae8 37. Kg1 Rg3+ 38. Kh1 Ree3 39. Rf2 Rxh3+ 40. Kg1
Reg3+ 41. Kf1 Be3 42. Ke2 Bxf2 43. Kxf2 Rg2+ 44. Ke1 Rh1+ 45. Bf1 Nf3# 0-1

[Event "Challenge"]
[Site "http://www.queenalice.com/game.php?id=1477279"]
[Date "2017.5.8"]
[Round "-"]
[White "AuntieRenie"]
[Black "Milxadrez"]
[Result "0-1"]
[WhiteElo "1664"]
[BlackElo "1730"]

1. c4 Nf6 2. d4 g6 3. Nc3 Bg7 4. g3 O-O 5. Bg2 c6 6. Nf3 d6 7. O-O Bg4 8. Qb3
Qc7 9. Bf4 Nbd7 10. c5 Nh5 11. Be3 Rab8 12. h3 Be6 13. Qa3 a6 14. cxd6 Qxd6 15.
Qxd6 exd6 16. Nh4 f6 17. Rfd1 Rfd8 18. d5 cxd5 19. Nxd5 Bf8 20. Nc7 Bc4 21. Bd5+
Bxd5 22. Nxd5 f5 23. Bg5 Re8 24. e3 h6 25. Nf6+ Nhxf6 26. Bxf6 Nxf6 27. Nxg6
Rbd8 28. Nh4 Re5 29. Rac1 Rd7 30. Rc8 Kf7 31. Rxf8+ Kxf8 32. Ng6+ Kf7 33. Nxe5+
dxe5 34. Rxd7+ Nxd7 35. Kg2 Nf6 36. f3 b5 37. b4 Nd5 38. e4 fxe4 39. fxe4 Nxb4
40. a3 Nc2 41. h4 Nxa3 42. g4 Nc4 43. Kf2 Nd6 44. Ke3 Kf6 45. Kd3 Kg6 46. Kc2
Nxe4 47. Kd3 Nf2+ 48. Kd2 Nxg4 49. Kc3 Kh5 50. Kd3 Kxh4 51. Ke4 b4 52. Kd3 a5
53. Kc2 a4 54. Kb2 e4 0-1

[Event "Let's Play Chess!"]
[Site "http://www.queenalice.com/game.php?id=1633778"]
[Date "2020.11.22"]
[Round "-"]
[White "Milxadrez"]
[Black "bobifixer"]
[Result "0-1"]
[WhiteElo "1781"]
[BlackElo "2054"]

1. d4 Nf6 2. c4 e6 3. Nf3 Bb4+ 4. Bd2 Bxd2+ 5. Qxd2 d5 6. Nc3 O-O 7. e3 Nbd7 8.
Bd3 h6 9. O-O c5 10. cxd5 exd5 11. dxc5 Nxc5 12. Bb1 Be6 13. Nd4 Qe7 14. b4 Nce4
15. Nxe4 Nxe4 16. Qb2 Rac8 17. a3 a6 18. Ba2 b5 19. f3 Nd6 20. Rac1 Nc4 21. Bxc4
dxc4 22. Rc3 Rfd8 23. Rfc1 Rd6 24. Qf2 Rcd8 25. h3 Qg5 26. Kh1 Bc8 27. Qe1 h5
28. Qf2 Bb7 29. Qe1 Rg6 0-1

[Event "Let's Play Chess!"]
[Site "http://www.queenalice.com/game.php?id=1633779"]
[Date "2020.11.22"]
[Round "-"]
[White "bobifixer"]
[Black "Milxadrez"]
[Result "1-0"]
[WhiteElo "2059"]
[BlackElo "1779"]

1. Nf3 d5 2. d4 g6 3. g3 Bg7 4. Bg2 Nf6 5. O-O Nc6 6. c3 O-O 7. Nbd2 Bg4 8. Qc2
Qd7 9. e4 dxe4 10. Nxe4 Nxe4 11. Qxe4 Bh3 12. Re1 Bxg2 13. Kxg2 f5 14. Qc2 Qd5
15. Qe2 Bf6 16. Kg1 a6 17. Bf4 Rac8 18. Rad1 b5 19. b3 Rfd8 20. Ne5 g5 21. Nxc6
Qxc6 22. Be5 Re8 23. Bxf6 exf6 24. Qd3 Re4 25. f3 Rxe1+ 26. Rxe1 Re8 27. Rxe8+
Qxe8 28. Kf2 Qe6 29. Qe3 Qxe3+ 30. Kxe3 Kf7 31. a3 Ke6 32. c4 c6 33. h3 h5 34.
Kd3 g4 35. fxg4 fxg4 36. hxg4 hxg4 37. Ke4 f5+ 38. Kf4 Kf6 39. d5 1-0

[Event "Let's Play Chess!"]
[Site "http://www.queenalice.com/game.php?id=1633780"]
[Date "2020.11.22"]
[Round "-"]
[White "Bigchess"]
[Black "Milxadrez"]
[Result "0-1"]
[WhiteElo "1826"]
[BlackElo "1743"]

1. d4 Nf6 2. Nf3 g6 3. e3 Bg7 4. Nc3 O-O 5. Bd3 d6 6. Qe2 Nc6 7. Bd2 Bg4 8. h3
Bd7 9. d5 Nb4 10. a3 Nbxd5 11. Rb1 a5 12. O-O c6 13. Nxd5 Nxd5 14. c4 Nf6 15.
Bc3 Qc7 16. Qe1 Rfc8 17. Nd4 e5 18. Nc2 d5 19. cxd5 Nxd5 20. Bd2 Qd8 21. Be2 Bf5
22. Rc1 Qh4 23. f4 Qxe1 24. Rcxe1 Bxc2 0-1

[Event "Let's Play Chess!"]
[Site "http://www.queenalice.com/game.php?id=1633781"]
[Date "2020.11.22"]
[Round "-"]
[White "Bigchess"]
[Black "Milxadrez"]
[Result "1/2-1/2"]
[WhiteElo "1737"]
[BlackElo "1762"]

1. e4 e6 2. Nf3 d5 3. exd5 exd5 4. d4 Bd6 5. Bd3 Nf6 6. Nc3 Bg4 7. Be3 Nbd7 8.
Qe2 c6 9. h3 Bh5 10. g4 Bg6 11. O-O-O Qa5 12. Kb1 O-O-O 13. Bxg6 hxg6 14. Nd2
Rde8 15. Nb3 Qb6 16. g5 Nh5 17. h4 f6 18. Qd3 f5 19. Na4 Qc7 20. Nac5 f4 21. Bd2
Nb6 22. Qxg6 Nc4 23. Bb4 Re2 24. Qf5+ Kb8 25. Rde1 Rxf2 26. Ne6 Qd7 27. Bxd6+
Nxd6 28. Qd3 Qf7 29. Nec5 Ng3 30. Rh3 Nde4 31. Nxe4 Nxe4 32. Nc5 Re8 33. a3 Rd2
34. Qf1 Qf5 35. Nxb7 Kxb7 36. Rb3+ Ka8 37. Qa6 Qd7 38. Rb4 g6 39. Rh1 Rb8 40. h5
Ng3 41. Rh4 Nxh5 42. Ra4 Rd1+ 43. Ka2 Rc1 44. Rh2 Re1 45. Rd2 Qb7 46. Qxb7+ Rxb7
47. c4 Rf7 48. cxd5 cxd5 49. Rc2 Re8 50. Rc5 Rf5 51. Rc7 Ref8 52. Raxa7+ Kb8 53.
Rab7+ Ka8 54. Ra7+ Kb8 55. Rcb7+ Kc8 56. Rc7+ 1/2-1/2

[Event "Challenge"]
[Site "http://www.queenalice.com/game.php?id=1635503"]
[Date "2020.12.6"]
[Round "-"]
[White "cristal_negro"]
[Black "Milxadrez"]
[Result "0-1"]
[WhiteElo "1873"]
[BlackElo "1761"]

1. e4 e6 2. d4 d5 3. e5 c5 4. Bb5+ Bd7 5. Nc3 cxd4 6. Qxd4 Nc6 7. Bxc6 bxc6 8.
Nf3 Ne7 9. Bg5 Qb8 10. Rb1 Nf5 11. Qd3 Bb4 12. O-O c5 13. a3 c4 14. Qd2 Ba5 15.
Bf4 Bc7 16. Rfe1 O-O 17. a4 a5 18. h3 Qe8 19. g4 Ne7 20. b3 cxb3 21. cxb3 Ng6
22. Bh2 Bb6 23. Qd3 Qe7 24. Bg3 f5 25. g5 f4 26. Bh2 Nh4 27. Kh1 Bxf2 28. Re2
Qc5 29. Rf1 Nxf3 30. Qxf3 Be3 31. Nd1 d4 32. Qg4 Bc6+ 33. Rf3 Rf5 34. Nb2 Qc1+
35. Kg2 Bd5 36. Nd3 Qd1 37. Re1 Qxd3 38. Rf1 Qe2+ 39. Kh1 Qxf1+ 0-1

[Event "Challenge"]
[Site "http://www.queenalice.com/game.php?id=1635505"]
[Date "2020.12.6"]
[Round "-"]
[White "cristal_negro"]
[Black "Milxadrez"]
[Result "1/2-1/2"]
[WhiteElo "1857"]
[BlackElo "1776"]

1. e4 e6 2. Nf3 d5 3. exd5 exd5 4. d4 Bd6 5. Be2 Nf6 6. Nc3 Bg4 7. Bg5 c6 8. O-O
O-O 9. Qd3 Nbd7 10. Rfe1 Qb6 11. Rab1 Rae8 12. a3 Ne4 13. Be3 Ndf6 14. Na4 Qa5
15. Nc3 Bh5 16. Ra1 h6 17. Nh4 Qc7 18. Nf5 Nxc3 19. bxc3 Bg6 20. h3 Qd7 21. g4
Bb8 22. f4 Re6 23. Bf3 Rfe8 24. Bf2 Bxf4 25. a4 Qc7 26. a5 Rxe1+ 27. Rxe1 Rxe1+
28. Bxe1 Qd7 29. Bh4 h5 30. Bxf6 gxf6 31. Kg2 Qc7 32. Qe2 Kf8 33. Qf2 Qxa5 34.
Qe1 Qd8 35. Qe2 hxg4 36. Bxg4 Qe8 37. Kf3 Qxe2+ 38. Kxe2 Ke8 39. h4 Kd8 40. h5
Bh7 41. Kd3 Bxf5+ 42. Bxf5 a5 43. c4 b5 44. cxd5 cxd5 45. c3 Kc7 46. Ke2 Kd6 47.
Kd1 Kc6 48. Kc2 a4 49. Kb2 Bh6 50. Kc2 Kb6 1/2-1/2